000 00220nam a2200097Ia 4500
001 702404
005 20250826162332.0
008 250824s9999 xx 000 0 und d
245 0 _aHANDAN
_cAYŞE KULİN
260 _bEVEREST
999 _c702404
_d702404